000
00340 a2200169 4500
001
175447
020
_a
85-08-08734-9
040
_c
Magnum
100
_a
Linhares, Sérgio
240
1
0
_a
Biologia hoje 2
_l
por
245
1
0
_a
Biologia hoje 2
300
_a
536
362
0
_a
2003
440
1
_a
Ática
697
_a
BIOLOGIA
942
_c
BK
999
_c
175447
_d
175447